000 00649nam a2200253Ia 4500
003 OSt
005 20220918163232.0
006 a|||||r|||| 00| 0
007 ta
008 220917b |||||||| |||| 00| 0 eng d
020 _a0 434 49617 0
024 _a33,102
037 _cTextual
040 _aARTS
_cARTS
_beng
041 _2eng
_aeng
082 _aO111,3N06,8, N0
100 _aNarayan R K
_912238
245 0 _aWorld of Nagaraj
260 _aLondon
_bHeinemann UK
_c1990
300 _a186p.
_ccm.
650 _aENGLISH LITERATURE
942 _hO111,3N06,8, N0
_cTEXL
_2CC
999 _c118674
_d118674